000 00292nam a22001337a 4500
008 170629b xxu||||| |||| 00| 0 eng d
020 _a9780415901666
041 _aeng
080 _a82
100 _a22
101 _aGJL
245 _aSTAGING THE RENAISSANCE
_cKASTAN,D.S
942 _2udc
_cBK
999 _c19661
_d19661